000
00270nam a2200097Ia 4500
008
230508s2004 xx 000 0 und d
041
_a
eng
100
_a
STEVENS W. RICHARD
245
_a
UNIX NETWORKING PROGRAMMING ISOCKETS & XIT 2N
260
_b
PEARSON EDUCATION IN
_c
2004
999
_c
720641
_d
720641